01556nam a2200361 a 4500001001000000003000500010005001700015008004100032010001100073011001100084040000900095090001000104100003800114245018300152260004100335500006000376502010200436590003700538590004000575590004000615650004000655650004000695650002800735650002700763856001600790856007000806901000700876942001000883942000600893999001900899952014000918952013601058000113042CHAP20220329144334.0170328s2016 mx sm |||||||spa d a109503 a110475 cCHAP aTesis1 aCastillo Lascano, Rosalia913182010aAnálisis de los factores que determinan las exportaciones del mango (Mangifera indica L.) de México a Estados Unidos de Américah[En línea]cpor Rosalia Castillo Lascano. aChapingo, Méx. :bEl autor,c2016. aPara ver el contenido del material haga clic en la liga aTesis (Ing. en Economía Agrícola) -- UACH. División de Ciencias Económico Administrativas aBATCHb00c20181121lUCH01h0759 aE5765TAJb05c20170328lUCH01h0935 aE5765TAJb05c20170328lUCH01h093514aCuestión monetariaxE.U.A.93012614aMangoxExportaciónzE.U.A.97041614aMangoxMercadeo.97043414aMangoxPrecios.970450 a1 n0001415 aFinding aiduhttp://10.13.5.2/tesis/sist113042.pdfzTeclea aquí aBK cTESIS n0 c109503d109503 00102local4053708TESISaBCbBCcPA_TESISd2017-03-28fTESISl0oTesisp33724002534579r2019-12-31 00:00:00tc.2w2019-12-31yTESIS 00104054718TESISaBCbBCd2017-03-28fTESISl0oTesisp33724002534611r2019-12-31 00:00:00w2019-12-31yTESISzRecien adquirido